| 000 | 00685nam a2200241Ia 4500 | ||
|---|---|---|---|
| 003 | OSt | ||
| 005 | 20220926033855.0 | ||
| 006 | a|||||r|||| 00| 0 | ||
| 007 | ta | ||
| 008 | 220923b |||||||| |||| 00| 0 eng d | ||
| 037 | _cGeneral Book | ||
| 040 |
_aRTL _cRTL _beng |
||
| 041 |
_2eng _aeng |
||
| 082 | _aU43.252LF.N7, L2 | ||
| 100 |
_aSingh Hari Har _9339661 |
||
| 245 | 0 |
_aKanpur _b A study of urban geography |
|
| 260 |
_aVaranasi _bIndrasini Devi India _c1972 |
||
| 300 |
_aix,152p. _ccm. |
||
| 500 | _aBibliography p.146-52 | ||
| 650 | _aUrban Geography | ||
| 942 |
_hU43.252LF.N7, L2 _cGB _2CC |
||
| 999 |
_c658166 _d658166 |
||